Executive economics : forecasting and planning for the real world of business

Αποθηκεύτηκε σε:
Λεπτομέρειες βιβλιογραφικής εγγραφής
Κύριος συγγραφέας: Hudson, W. J.
Μορφή: Βιβλίο
Γλώσσα:English
Δημοσίευση: New York : Wiley, c1993
Θέματα:
Ετικέτες: Προσθήκη ετικέτας
Δεν υπάρχουν, Καταχωρήστε ετικέτα πρώτοι!

MARC

LEADER 00000cam a2200000 i 4500
001 1/32308
008 950804s1993 eng d
020 |a 0471569496 ((cloth : acid-free paper)) 
035 |l 10023736 
040 |a GR-MY-UA  |b gre  |e aacr 
041 0 |a eng 
082 0 |a 330.0112 
100 1 |a Hudson, W. J. 
245 1 0 |a Executive economics :  |b forecasting and planning for the real world of business /  |c William J. Hudson 
260 |a New York :   |b Wiley,   |c c1993 
300 |a vii, 200 p.;  |b ill.;  |c 22 cm 
504 |a Includes bibliographical references (p. 194-197) and index 
650 0 0 |a Managerial economics. 
650 0 0 |a Business planning. 
852 |a INST  |b CHIOS  |e 19960202  |h 330.0112 HUD  |p 005200001667  |q 005200001667  |t BK  |y 0 
852 |a INST  |b CHIOS  |e 19950804  |h 330.0112 HUD  |p 005200003178  |q 005200003178  |t BK  |y 0 
909 |a Χ  |b 031044 
909 |a Χ  |b 040329